Service in the post-Marian Roman army /

Bibliographic Details
Main Author: Smith, Richard Edwin
Format: Book
Language:English
Published: Manchester : Manchester University Press, 1955.
Series:Publications of the Faculty of Arts of the University of Manchester, no. 9
Subjects:

MARC

Tag First Indicator Second Indicator Subfields
LEADER 00000cam a2200000 4500
001 in00000061199
005 20151008051634.0
008 800507s1955 enk 00000 eng d
035 |a (OCoLC)06292570 
035 |9 AAG9124AM 
040 |a TXA  |c TXA  |d UtOrBLW 
049 |a TXAM  |c [308636] 
090 |a U35  |b .S6 1955 
092 |a 355.0937  |b S657s 
100 1 |a Smith, Richard Edwin. 
245 1 0 |a Service in the post-Marian Roman army /  |c by R.E. Smith. 
264 1 |a Manchester :  |b Manchester University Press,  |c 1955. 
300 |a 76 pages 
336 |a text  |b txt  |2 rdacontent 
337 |a unmediated  |b n  |2 rdamedia 
338 |a volume  |b nc  |2 rdacarrier 
490 0 |a Publications of the Faculty of Arts of the University of Manchester, no. 9 
651 0 |a Rome  |x Army. 
651 0 |a Rome  |x History, Military. 
999 |a MARS 
999 f f |s 2fe962dc-c0d0-3cd9-a4a5-97ba100b4549  |i d1d0f748-f71a-3884-b633-4e2b7ce5665b  |t 0 
952 f f |p ric  |a Texas A&M University  |b Rellis Campus  |c Joint Library Facility  |d Remote Storage  |t 0  |e U35 .S6 1955  |h Library of Congress classification  |i unmediated -- volume  |m A14800803251 
998 f f |a U35 .S6 1955  |t 0  |l Remote Storage